000
00284nam a2200109Ia 4500
008
221009s9999 xx 000 0 und d
082
_a
620
100
_a
Guider
_9
79384
245
0
_a
इलेक्ट्रिकल इंजीनियरिंग
260
_b
Guider
942
_c
BK
999
_c
65331
_d
65331